书目信息 |
| 题名: |
安装起重工
|
|
| 作者: | 张会宾 , 王景文 主编 | |
| 分册: | ||
| 出版信息: | 北京 中国建筑工业出版社 2017.11 |
|
| 页数: | 11, 242页 | |
| 开本: | 21cm | |
| 丛书名: | 建筑工人 (安装) 技能培训教程 | |
| 单 册: | ||
| 中图分类: | TU758 | |
| 科图分类: | ||
| 主题词: | 建筑安装工程--jian zhu an zhuang gong cheng--技术教育--教材 , 结构吊装--jie gou diao zhuang--技术教育--教材 | |
| 电子资源: | ||
| ISBN: | 978-7-112-21068-8 | |
| 000 | 01123nam 2200289 450 | |
| 001 | CAL 0120172339500 | |
| 005 | 20190311145833.03 | |
| 010 | @a978-7-112-21068-8@dCNY20.00 | |
| 100 | @a20180901d2017 em y0chiy50 ea | |
| 101 | 0 | @achi |
| 102 | @aCN@b110000 | |
| 105 | @aak a 000yy | |
| 200 | 1 | @a安装起重工@Aan zhuang qi zhong gong@f本书编委会编 |
| 210 | @a北京@c中国建筑工业出版社@d2017.11 | |
| 215 | @a11, 242页@c图@d21cm | |
| 225 | 2 | @a建筑工人 (安装) 技能培训教程@Ajian zhu gong ren ( an zhuang ) ji neng pei xun jiao cheng |
| 314 | @a书内题: 张会宾, 王景文主编 | |
| 320 | @a有书目 (第242页) | |
| 330 | @a本书包括: 力学计算, 索具和吊具的使用, 常用起重机具的使用, 常用起重机械的使用, 起重作业基本操作, 构件吊装操作, 设备吊装操作等内容。 | |
| 410 | 0 | @12001 @a建筑工人 (安装) 技能培训教程 |
| 606 | 0 | @a建筑安装工程@Ajian zhu an zhuang gong cheng@x技术教育@j教材 |
| 606 | 0 | @a结构吊装@Ajie gou diao zhuang@x技术教育@j教材 |
| 690 | @aTU758@v5 | |
| 701 | 0 | @a张会宾@Azhang hui bin@4主编 |
| 701 | 0 | @a王景文@Awang jing wen@4主编 |
| 801 | 0 | @aCN@c20180901 |
| 905 | @a河南城建学院图书馆@dTU758@eZ110@f2 | |
| 安装起重工/本书编委会编.-北京:中国建筑工业出版社,2017.11 |
| 11, 242页:图;21cm.-(建筑工人 (安装) 技能培训教程) |
| ISBN 978-7-112-21068-8:CNY20.00 |
| 本书包括: 力学计算, 索具和吊具的使用, 常用起重机具的使用, 常用起重机械的使用, 起重作业基本操作, 构件吊装操作, 设备吊装操作等内容。 |
| ● |
| 相关链接 |
|
|
|
正题名:安装起重工
索取号:TU758/Z110
 
预约/预借
| 序号 | 登录号 | 条形码 | 馆藏地/架位号 | 状态 | 备注 |
| 1 | 1244500 | 212445004 | 建筑库201/201建筑库 43排5列1层/ [索取号:TU758/Z110] | 在馆 | |
| 2 | 1367387 | 213673871 | 建筑库201/201建筑库 43排5列1层/ [索取号:TU758/Z110] | 在馆 | |
| 3 | 1367388 | 213673880 | 建筑库201/201建筑库 43排5列1层/ [索取号:TU758/Z110] | 在馆 |